000 00536nam a22001937a 4500
003 OSt
005 20141219105950.0
008 141205b xxu||||| |||| 00| 0 eng d
040 _cBMC
082 _a863.9933
100 1 _aDonoso, José
_d1924-1996
_929296
245 1 0 _aCoronación
_cJosé Donoso ; prólogo de Pere Gimferrer
260 _a[Navarra]
_bSalvat
_c[1970]
300 _a183 p.
_c19 cm
490 _aBiblioteca Básica Salvat
_v65
650 2 4 _929373
_aNovela chilena
700 1 _aGimferrer, Pere
_928652
942 _2ddc
_cBK
999 _c16506
_d16506